|
|
|
|
| LEADER |
02211nam a2200589 i 4500 |
| 001 |
nkc20162770760 |
| 003 |
CZ PrNK |
| 005 |
20160218092442.0 |
| 007 |
ta |
| 008 |
160106s2015 xr ach f 001 0 cze |
| 015 |
|
|
|a cnb002770760
|
| 020 |
|
|
|a 978-80-7395-932-6
|q (vázáno)
|
| 035 |
|
|
|a (OCoLC)944218828
|
| 040 |
|
|
|a OLA001
|b cze
|d ABA001
|e rda
|
| 041 |
0 |
|
|a cze
|b eng
|
| 043 |
|
|
|a e-it---
|
| 045 |
|
|
|a s7w1
|
| 072 |
|
7 |
|a 73
|x Sochařství, keramika, porcelán, umělecké zpracování kovů
|2 Konspekt
|9 21
|
| 080 |
|
|
|a 730.032(37/38)
|2 MRF
|
| 080 |
|
|
|a 72/76:069.5
|2 MRF
|
| 080 |
|
|
|a 7.025.3/.4
|2 MRF
|
| 080 |
|
|
|a (450)
|2 MRF
|
| 080 |
|
|
|a (048.8)
|2 MRF
|
| 100 |
1 |
|
|a Hečková, Petra,
|d 1979-
|7 mzk2008442919
|4 aut
|
| 245 |
1 |
0 |
|a Restaurování antických soch v raně novověkém Římě /
|c Petra Hečková ; ilustrace: Monika Košárková, Monika Peňázová
|
| 250 |
|
|
|a Vydání 1.
|
| 264 |
|
1 |
|a Pardubice :
|b Univerzita Pardubice,
|c 2015
|
| 300 |
|
|
|a 319 stran :
|b ilustrace (některé barevné), portréty, faksimile ;
|c 25 cm
|
| 336 |
|
|
|a text
|b txt
|2 rdacontent
|
| 337 |
|
|
|a bez média
|b n
|2 rdamedia
|
| 338 |
|
|
|a svazek
|b nc
|2 rdacarrier
|
| 504 |
|
|
|a Obsahuje bibliografii, bibliografické odkazy a rejstřík
|
| 546 |
|
|
|a Anglické resumé
|
| 648 |
|
7 |
|a 15.-19. století
|7 ch757038
|2 czenas
|
| 648 |
|
4 |
|a 1471-1815
|
| 650 |
0 |
7 |
|a antické sochařství
|7 ph118491
|2 czenas
|
| 650 |
0 |
7 |
|a umělecké sbírky
|7 ph135222
|z Itálie
|y 15.-19. století
|2 czenas
|
| 650 |
0 |
7 |
|a restaurování památek
|7 ph135827
|z Itálie
|y 15.-19. století
|2 czenas
|
| 650 |
0 |
9 |
|a classical sculpture
|2 eczenas
|
| 650 |
0 |
9 |
|a art collections
|z Italy
|y 15th-19th centuries
|2 eczenas
|
| 650 |
0 |
9 |
|a antiquities restoration
|z Italy
|y 15th-19th centuries
|2 eczenas
|
| 651 |
|
7 |
|a Řím (Itálie)
|7 ge131746
|2 czenas
|
| 651 |
|
9 |
|a Rome (Italy)
|2 eczenas
|
| 655 |
|
7 |
|a monografie
|7 fd132842
|2 czenas
|
| 655 |
|
9 |
|a monographs
|2 eczenas
|
| 700 |
1 |
|
|a Košárková, Monika
|4 ill
|
| 700 |
1 |
|
|a Peňázová, Monika
|4 ill
|
| 910 |
2 |
|
|a BOA001
|b 2-1359.846
|
| 990 |
|
|
|a BK
|
| 995 |
|
|
|a 01
|
| 991 |
|
|
|b 201602
|c NOV
|
| 996 |
6 |
|
|b 2610659060
|c 2-1359.846
|l MZK
|r Sklad / do 1 hodiny
|n 5
|p p.v.
|w 001543388
|u 000010
|a 1
|e BOA001
|j MZK50
|s P
|